00325nam a2200121Ia 4500008004100000040001600041041001200057082001700069100002400086245003500110260004100145300001700186230917s9999||||xx |||||||||||||| ||und|| e69335aMAIN aEnglish a301.045 A25M aAndreski, Stanislav 0aMax Webers insights and errors aLondonbRoutledge & Kegan Paulc1984 aviii, 155 p.